| 000 | 01024nam a22003017a 4500 | ||
|---|---|---|---|
| 003 | CHAP | ||
| 005 | 20220329135936.0 | ||
| 008 | 971013s r 00010 d | ||
| 010 | _a44457 | ||
| 011 | _a45429 | ||
| 035 | _a49568 | ||
| 040 | _cCHAP | ||
| 082 |
_a630.72 _bI56pc 1970 |
||
| 110 |
_aINIA. México. Centro de Investigaciones Agrícolas de Tamaulipas _958547 |
||
| 245 |
_aInforme de labores, 1970 _b: Programa Centro del Estado |
||
| 260 |
_a(Río Bravo, Tamps.) : _bEl Instituto, _c(s.a.) |
||
| 300 |
_a34 p. _b; gráfs. |
||
| 590 |
_aBATCH-UPD _b10 _c20130110 _lUCH01 _h0147 |
||
| 590 |
_aBATCH-UPD _b10 _c20130110 _lUCH01 _h2016 |
||
| 590 |
_aBATCH-UPD _b10 _c20130410 _lUCH01 _h1335 |
||
| 590 |
_aBATCH-UPD _b10 _c20140805 _lUCH01 _h1145 |
||
| 590 |
_aCONVERSION _b10 _c20130109 _lUCH01 _h1324 |
||
| 650 | 1 | 4 |
_aAgricultura _xInvestigación. _91577 |
| 650 | 1 | 4 |
_aAgricultura _xTamaulipas. _91833 |
| 901 | _aBK | ||
| 942 | _cLIBRO | ||
| 949 |
_a630.72 I56pc 1970 _bBC _cLIBRO _d33724000042206 _eLIBRO _h32277 _i49568 _mD _si |
||
| 999 |
_c44457 _d44457 |
||